<?xml version="1.0" encoding="UTF-8"?>
<record
    xmlns:xsi="http://www.w3.org/2001/XMLSchema-instance"
    xsi:schemaLocation="http://www.loc.gov/MARC21/slim http://www.loc.gov/standards/marcxml/schema/MARC21slim.xsd"
    xmlns="http://www.loc.gov/MARC21/slim">

  <leader>04282cam a22003973a 4500</leader>
  <controlfield tag="001">6211</controlfield>
  <controlfield tag="003">FISKH</controlfield>
  <controlfield tag="005">20250328143908.0</controlfield>
  <controlfield tag="008">960904s1946    xx            000 0deng  </controlfield>
  <datafield tag="010" ind1=" " ind2=" ">
    <subfield code="a">  2009658047</subfield>
  </datafield>
  <datafield tag="020" ind1=" " ind2=" ">
    <subfield code="a">9780141339146</subfield>
  </datafield>
  <datafield tag="035" ind1=" " ind2=" ">
    <subfield code="a">coe96001556</subfield>
  </datafield>
  <datafield tag="040" ind1=" " ind2=" ">
    <subfield code="a">DLC</subfield>
    <subfield code="c">DLC</subfield>
    <subfield code="b">eng</subfield>
  </datafield>
  <datafield tag="050" ind1=" " ind2=" ">
    <subfield code="a">PZ7.C677475 A</subfield>
  </datafield>
  <datafield tag="082" ind1=" " ind2=" ">
    <subfield code="a">823.92</subfield>
  </datafield>
  <datafield tag="100" ind1=" " ind2=" ">
    <subfield code="a">Colfer, Eoin </subfield>
  </datafield>
  <datafield tag="245" ind1="0" ind2="4">
    <subfield code="a">The lost colony / </subfield>
    <subfield code="c">Eoin Colfer </subfield>
  </datafield>
  <datafield tag="250" ind1=" " ind2=" ">
    <subfield code="a">This edition published in 2011</subfield>
  </datafield>
  <datafield tag="260" ind1=" " ind2=" ">
    <subfield code="c">New York : </subfield>
    <subfield code="a">Puffin Books, </subfield>
    <subfield code="b">2006. </subfield>
  </datafield>
  <datafield tag="300" ind1=" " ind2=" ">
    <subfield code="a">376 pages : </subfield>
    <subfield code="c">20 cm </subfield>
  </datafield>
  <datafield tag="500" ind1=" " ind2=" ">
    <subfield code="a">Roanoke Island Waterside Theatre, Manteo, Roanoke Island, North Carolina, June 30-September 2, 1946.</subfield>
  </datafield>
  <datafield tag="500" ind1=" " ind2=" ">
    <subfield code="a">"The Lost Colony souvenir program, sixth summer season, 359 anniversary celebration, 1946"--p. [1].</subfield>
  </datafield>
  <datafield tag="500" ind1=" " ind2=" ">
    <subfield code="a">Title devised by Library staff.</subfield>
  </datafield>
  <datafield tag="500" ind1=" " ind2=" ">
    <subfield code="a">Cast: Iran Berlow, Roger Quinlan, James Geiger, Foster Fitz-Simons, John Westcott, Donald Mason, Helen Harrison, Florence Mitchell, Roy Grey Jr., James Warren, Robert Atkinson, Robert Schenkkan, Arthur Conescu, Donald Somers, Rogers Whitener, Jack White, Kai Jurgensen, Barbara Benedict, Allan Frank, Katherine Cale, Martin Kellogg, Patric Shannon, Bram Nossen, Robert Armstrong, Rex Coston, Robert Williams, Claude Rayborn, Iran Berlow, Jean Schenkkan, Katherine Pfohl, Jane McFagan, Lydia Dorsett, Caroline Chichester, Lola Morgan, Hettie Westcott, Ruth Evans, Marion Fitz-Simons, Stephen Basnight, Jerry Daniels, William Loftin, Carlton Albertson, Raikes Slinkard, L.P. Leggette, Joyce Heath, Doris Rogers, Dorothy Burrus, Mary Jo Cain, Helen Cohen, Elizabeth Stoney, Phyllis Sullivan, Sherry Levine, Peggy Jurgensen, Harry Coble, David Hooks, Jack Morgan, Larry Boyette, Dan Cannady, Fred Galton, Eugene Enlow, Richard Kiser, Charles Waldman, Julia Parker, Glenn Harden, Goldie Sawyer, Edith Hewitt, Doris Alford, Margaret Burns, Betty Henshaw, Natalie Etheridge, Priscilla Rathburn, Mildred Parker, Wilbur Austin, Carther Liverman, Edgar Midgett, Carlton Albertson, Edwin Alford, Ben Grey, Joe Parker, Sam Midgett Jr., Marjalen Midgett, Margaret Burns, Anna Christian Lowe, Marie Etheridge, Dorla Midgett, Hilda Austin, Estelle Jones, Helen Meekins, Estelle Tillett, Juanita Parker, Lewton Smith, Sebastian Sommer, Shelton Lewis, Peggy Jurgensen, Ann Midgett, Anne Osterhout, Norma O'Neill, Phyllis Sullivan, Miriam Ferebee, Roger Meekins, Raikes Slinkard, Billy Meekins, Dora Grey, Alice Kellogg, Mildred Roberts, Mary Evans, Hannah Brown, Bertha Hostvedt, Elizabeth Dough, Doris Walker, Janie Etheridge, Mary Basnight, Jacquelyn Vannote, Eloise Westcott, Francis Adams, Corinne Herron, Inger Lewis, Glenn Harden, Sherry Levine, Mary Jo Cain, Peggy Jurgensen, Helen Cohen, Elizabeth Stoney, Phyllis Sullivan, Anne Osterhout, Edgar Midgett, Jack Warden, Bob Owens, Evertt Liverman, Jimmy Williams, James Warren, Rex Coston, Patric Shannon, Nat Jones, Shelton Lewis, Sebastian Sommer, Arthur Conescu, Lewton Smith, Harry Coble, David Hooks, Charles Waldman, Richard Kiser, Fred Galton, Larry Boyette, Jack Morgan, Dan Cannady, Eugene Enlow. Musicians: Rex Coston, James Geiger.</subfield>
  </datafield>
  <datafield tag="520" ind1=" " ind2=" ">
    <subfield code="a">The Roanoke Island Historical Association, Inc. with cooperation of the state of North Carolina presents "The Lost Colony," a symphonic drama with music and dance by Paul Green, staged and directed by Samuel Selden, musical director Theos Cronk, choreography Foster Fitz-Simons, technical director Wilbur Dorsett, costumes Irene Smart, lighting W.T. Chichester, special music Lamar Stringfield and Adeline McCall, organist James Malcolm Hart, architect and builder of the theatre Albert Q. Bell, news director Woodrow Price, properties William Long and Walter Preston, Lost Colony Production, John A. Walker, general manager.</subfield>
  </datafield>
  <datafield tag="580" ind1=" " ind2=" ">
    <subfield code="a">In: Richard L. Coe Theater Programs Collection (Library of Congress).</subfield>
  </datafield>
  <datafield tag="651" ind1=" " ind2="0">
    <subfield code="a">Roanoke Colony</subfield>
    <subfield code="v">Drama.</subfield>
  </datafield>
  <datafield tag="651" ind1=" " ind2="0">
    <subfield code="a">Roanoke Island (N.C.)</subfield>
    <subfield code="v">Drama.</subfield>
  </datafield>
  <datafield tag="655" ind1=" " ind2="7">
    <subfield code="a">Souvenir programs</subfield>
    <subfield code="z">North Carolina</subfield>
    <subfield code="z">Manteo.</subfield>
    <subfield code="2">rbgenr</subfield>
  </datafield>
  <datafield tag="655" ind1=" " ind2="7">
    <subfield code="a">Souvenir programs</subfield>
    <subfield code="y">1946.</subfield>
    <subfield code="2">rbgenr</subfield>
  </datafield>
  <datafield tag="655" ind1=" " ind2="7">
    <subfield code="a">Theater programs</subfield>
    <subfield code="z">North Carolina</subfield>
    <subfield code="z">Manteo.</subfield>
    <subfield code="2">rbgenr</subfield>
  </datafield>
  <datafield tag="655" ind1=" " ind2="7">
    <subfield code="a">Theater programs</subfield>
    <subfield code="y">1946.</subfield>
    <subfield code="2">rbgenr</subfield>
  </datafield>
  <datafield tag="906" ind1=" " ind2=" ">
    <subfield code="a">7</subfield>
    <subfield code="b">cbc</subfield>
    <subfield code="c">origres</subfield>
    <subfield code="d">2</subfield>
    <subfield code="e">ncip</subfield>
    <subfield code="f">20</subfield>
    <subfield code="g">y-genrareb</subfield>
  </datafield>
  <datafield tag="942" ind1=" " ind2=" ">
    <subfield code="2">ddc</subfield>
    <subfield code="c">BK</subfield>
    <subfield code="n">0</subfield>
  </datafield>
  <datafield tag="999" ind1=" " ind2=" ">
    <subfield code="c">6211</subfield>
    <subfield code="d">6211</subfield>
  </datafield>
  <datafield tag="952" ind1=" " ind2=" ">
    <subfield code="0">0</subfield>
    <subfield code="1">0</subfield>
    <subfield code="2">ddc</subfield>
    <subfield code="4">0</subfield>
    <subfield code="7">0</subfield>
    <subfield code="8">FIC</subfield>
    <subfield code="a">001</subfield>
    <subfield code="b">001</subfield>
    <subfield code="c">ATKSF</subfield>
    <subfield code="d">2025-03-28</subfield>
    <subfield code="l">1</subfield>
    <subfield code="o">COL 823.92 PZ7.C677475 A </subfield>
    <subfield code="p">2025-0882</subfield>
    <subfield code="r">2026-04-01 09:46:57</subfield>
    <subfield code="s">2026-03-02</subfield>
    <subfield code="w">2025-03-28</subfield>
    <subfield code="y">BK</subfield>
  </datafield>
</record>
